000 00601cam a2200229 i 4500
001 865807
005 20180227033011.0
008 800129s1980 enka b 001 0 eng
010 _a 79042825
015 _aGB80
020 _a0124028500
040 _aDLC
_cDLC
_dDLC
041 _aeng
080 _a599.0116 KEA
082 0 0 _a599.0116 KEA
100 1 _a7
101 _aANA
245 1 0 _aLocal mechanisms controlling blood vessels /
_cW.R. Keatinge and M. Clare Harman.
504 _aBibliography: p. [109]-134.
906 _a7
_bcbc
_corignew
_d1
_eocip
_f19
_gy-gencatlg
942 _2ddc
_cBK
999 _c43532
_d43532